000 01002nac a22003011i 4500
003 EG-ScBUE
005 20240715122448.0
008 240715t1960 nju f bd 001 0 eng d
035 _a(OCoLC)414411
040 _aEG-ScBUE
_beng
_erda
_cEG-ScBUE
_dEG-ScBUE
043 _af-ae---
082 0 4 _a965.04
_bBRA
_222
100 1 _aBrace, Richard M.‏
_q(Richard Munthe),‏
_d1915-1977‏,
_eauthor.
245 1 0 _aOrdeal in Algeria /
_cRichard and Joan Brace.
264 1 _aPrinceton, New Jersey :
_bVan Nostrand Company,
_c[1960]
264 4 _cc1960
300 _a453 pages ;
_c24 cm
336 _2rdacontent
_atext
_btxt
337 _aunmediated
_2rdamedia
_bn
338 _avolume
_bnc
_2rdacarrier
500 _aIncludes glossary.
504 _aIncludes bibliographical references and index.
651 7 _aAlgeria
_xHistory
_y1945-1962.
_2BUEsh
655 _vReading book
700 1 _aBrace, Joan,
_d1917-1995,
_eauthor.
942 _cBB
_2ddc
999 _c1854
_d1854